000 00753nam a2200229 a 4500
003 DO-SdBNP
005 20250703110300.0
007 ta
008 220921e2014 dr ||||gr|||| 00| 0 spa d
040 _aDO-SdBNP
_bspa
_cBNPHU
082 4 _bM548v
_222
245 1 0 _aMensaje 27 de febrero 2014:
_bel valor de la política.
260 _aSanto Domingo :
_bConferencia del Episcopado Dominicano,
_c2014
300 _a[30] p. ;
_c22 cm.
500 _aIncluye bibliografía y notas al pié de páginas.
590 _aInventariado 2022 / MF
650 0 _a Ciencia política -
_xFilosofía
_920383
650 0 _aÉtica política
_xRepública Dominicana
_91332
710 2 _aConferencia del Episcopado Dominicano
_957163
910 _aMFeliz
942 _2ddc
_cLF2
999 _c52440
_d52440